| 000 | 00403nam a2200181Ia 4500 | ||
|---|---|---|---|
| 001 | 9951 | ||
| 005 | 20260306161756.0 | ||
| 008 | 260306t1970||||xx |||||||||||||| ||spa|| | ||
| 041 | _aESP | ||
| 082 |
_aPE 868.3 _bA71 |
||
| 100 |
_aArguedas, José María _eAUT |
||
| 245 | 0 | _aTodas las sangres | |
| 260 | _c1970 | ||
| 300 |
_a _c18 cm. |
||
| 650 | _aGEN | ||
| 654 | _aCHU | ||
| 942 |
_cLIB _dJUS _fJUS _2ddc _n |
||
| 999 |
_c9951 _d9951 |
||